Zmiany zasobów pracy a migracje zagraniczne w latach 1990-2010.
V európskych krajinách badať systematické klesanie tempa rastu počtu obyvateľstva, no súčasne zotrvávajú aj negatívne determinanty tohto vývoja, čo sa prejavuje aj v demografickej prognóze OSN k r. 2010. Predvídané zmeny stavu a štruktúry obyvateľstva vo vybraných krajinách. Starnutie pracovných síl...
Salvato in:
| Autore principale: | |
|---|---|
| Altri autori: | |
| Natura: | Capitolo di libro |
| Lingua: | polacco |
| Soggetti: | |
| Tags: |
Nessun Tag, puoi essere il primo ad aggiungerne!!
|
MARC
| LEADER | 00000naa a2200000 4500 | ||
|---|---|---|---|
| 001 | r009506 | ||
| 005 | 20221125123102.9 | ||
| 041 | 0 | |a pol | |
| 044 | |a PL | ||
| 245 | 1 | 0 | |a Zmiany zasobów pracy a migracje zagraniczne w latach 1990-2010. |c K. Dzienio, K. Drzewieniecka |
| 520 | |a V európskych krajinách badať systematické klesanie tempa rastu počtu obyvateľstva, no súčasne zotrvávajú aj negatívne determinanty tohto vývoja, čo sa prejavuje aj v demografickej prognóze OSN k r. 2010. Predvídané zmeny stavu a štruktúry obyvateľstva vo vybraných krajinách. Starnutie pracovných síl. Zárobková emigrácia. Zmeny v raste a štruktúre v produktívnom veku. | ||
| 610 | 2 | 0 | |a prognózy |
| 610 | 2 | 0 | |a demografia |
| 610 | 2 | 0 | |a OSN |
| 610 | 2 | 0 | |a 1990-2010 |
| 610 | 2 | 0 | |a Európa |
| 610 | 2 | 0 | |a zdroje pracovné |
| 610 | 2 | 0 | |a emigrácia |
| 610 | 2 | 0 | |a migrácia |
| 610 | 2 | 0 | |a štruktúra obyvateľstva |
| 610 | 2 | 0 | |a zárobky |
| 610 | 2 | 0 | |a vek produktívny |
| 100 | 1 | |a Dzienio, K. | |
| 700 | 1 | |a Drzewieniecka, K. | |